[Event "Weekend Accademia A Autunno"]
[Site "Roma ITA"]
[Date "2006.10.21"]
[Round "3"]
[White "Raccah, Ascer"]
[Black "Vignato, Giovanni"]
[Result "0-1"]
[WhiteElo "1899"]
[BlackElo "2071"]
[PlyCount "112"]
[EventDate "2006.10.20"]

1.e4 c6 2.d4 d5 3.Nc3 dxe4 4.Nxe4 Bf5 5.Ng3 Bg6 6.Nf3 Nd7 7.Bc4 e6 8.O-O 
Ngf6 9.b3 Nb6 10.Be2 Nbd5 11.Bb2 Nf4 12.Re1 Nxe2+ 13.Qxe2 Bd6 14.Rad1 O-O 
15.Ne5 Qa5 16.Nxg6 hxg6 17.a3 Bxg3 18.fxg3 Qh5 19.Qxh5 gxh5 20.a4 Rfd8 21.
Ba3 Nd5 22.Rd3 Rd7 23.Red1 Rad8 24.Kf2 Nf6 25.h3 g6 26.Bc1 Ne4+ 27.Kf3 Nd6
28.Bg5 f6 29.Bf4 Nf5 30.Be3 Kf7 31.g4 hxg4+ 32.hxg4 Nxe3 33.Kxe3 e5 34.
dxe5 Rxd3+ 35.Rxd3 Rxd3+ 36.Kxd3 fxe5 37.Ke4 Ke6 38.b4 b5 39.a5 Kd6 40.g5 
Ke6 41.g3 Kd6 42.g4 Ke6 43.c3 Kd6 44.a6 Ke6 45.Ke3 Kd5 46.Kd3 e4+ 47.Kd2 
Kc4 48.Ke3 Kxc3 49.Kxe4 Kxb4 50.Ke5 c5 51.Kd5 c4 52.Kc6 c3 53.Kb7 c2 54.
Kxa7 c1=Q 55.Kb7 Qh1+ 56.Kb8 Qh8+ 0-1

[Event "Weekend Accademia A Autunno"]
[Site "Roma ITA"]
[Date "2006.10.21"]
[Round "3"]
[White "Sabetta, Alessandro"]
[Black "Urzi', Silvio"]
[Result "1-0"]
[WhiteElo "2019"]
[BlackElo "1876"]
[PlyCount "63"]
[EventDate "2006.10.20"]

1.e4 e6 2.d4 d5 3.Nd2 c5 4.exd5 exd5 5.Bb5+ Nc6 6.Ngf3 Nf6 7.O-O Be7 8.
dxc5 O-O 9.Nb3 Bg4 10.Be2 Ne4 11.Be3 a5 12.a4 Rc8 13.c3 f5 14.h3 Bxf3 15.
Bxf3 Ne5 16.Bxe4 dxe4 17.Qxd8 Rcxd8 18.Nxa5 Nd3 19.c6 bxc6 20.Nxc6 Rd7 21.
Nxe7+ Rxe7 22.b4 Rc7 23.Bd4 Rd7 24.b5 Nf4 25.Ra2 Ne6 26.a5 Nxd4 27.cxd4 
Ra8 28.a6 Rd6 29.Rc1 Rb6 30.Ra5 Rd6 31.g3 Rxd4 32.b6 1-0

[Event "Weekend Accademia A Autunno"]
[Site "Roma ITA"]
[Date "2006.10.21"]
[Round "3"]
[White "Sautto, Alessandra"]
[Black "De Maria, Isaia"]
[Result "1/2-1/2"]
[WhiteElo "1942"]
[BlackElo "1828"]
[PlyCount "53"]
[EventDate "2006.10.20"]

1.d4 d5 2.Nf3 Nf6 3.Bf4 g6 4.e3 Bg7 5.h3 c5 6.c3 Nbd7 7.Nbd2 b6 8.Bd3 Bb7 
9.Qe2 O-O 10.O-O Ne4 11.Ng5 Nxd2 12.Qxd2 e5 13.dxe5 Nxe5 14.Bxe5 Qxg5 15.
Bxg7 Kxg7 16.Qe2 f5 17.Ba6 Bxa6 18.Qxa6 Qe7 19.Rad1 Rad8 20.Rd2 f4 21.exf4
Rxf4 22.Rfd1 Re4 23.Kh2 Re5 24.Qd3 Qc7 25.Qg3 Qe7 26.Qd3 Qc7 27.Qg3 
1/2-1/2

[Event "Weekend Accademia A Autunno"]
[Site "Roma ITA"]
[Date "2006.10.21"]
[Round "3"]
[White "Stirpe, Claudio"]
[Black "Wollenweber, Carsten"]
[Result "1/2-1/2"]
[WhiteElo "1909"]
[BlackElo "2156"]
[PlyCount "156"]
[EventDate "2006.10.20"]

1.d4 d5 2.c4 Nc6 3.Nf3 Bg4 4.Nc3 e6 5.cxd5 exd5 6.Bf4 Bb4 7.e3 Nge7 8.Be2 
O-O 9.h3 Bh5 10.Rc1 Bd6 11.Bxd6 Qxd6 12.O-O f5 13.Qb3 Kh8 14.Nb5 Qd7 15.
Ne5 Nxe5 16.Rxc7 Bxe2 17.Rxd7 Nxd7 18.Re1 Bc4 19.Qa3 Bxb5 20.Qxe7 Rae8 21.
Qd6 Bc6 22.Rc1 Nf6 23.Qc5 a6 24.Qc2 Ne4 25.b3 f4 26.exf4 Rxf4 27.Rf1 Bb5 
28.Qc7 Ref8 29.Rc1 Bc6 30.f3 R4f7 31.Rxc6 Rxc7 32.Rxc7 Nd6 33.Rd7 Nb5 34.
Rxd5 Nc3 35.Rd7 b5 36.Ra7 Nxa2 37.Rxa6 Nc1 38.b4 Ne2+ 39.Kf2 Nxd4 40.Rd6 
Nc2 41.Rb6 Na3 42.Rb7 Rd8 43.Ke2 Kg8 44.Ra7 Nc2 45.Rb7 Rd5 46.Rb8+ Kf7 47.
Rb7+ Kf6 48.Rb6+ Ke7 49.Rb7+ Rd7 50.Rb6 Kd8 51.Kf2 Rd2+ 52.Kg3 Nd4 53.Rb7 
Kc8 54.Rf7 Ne2+ 55.Kf2 Nc3+ 56.Ke3 Rd7 57.Rxd7 Kxd7 58.Kd4 Na4 59.Kd5 Ke7 
60.f4 Kd7 61.g4 g6 62.h4 h6 63.f5 gxf5 64.gxf5 Nc3+ 65.Kd4 Na2 66.Kc5 Ke7 
67.Kxb5 Kf6 68.Kc5 Nxb4 69.Kxb4 Kxf5 70.Kc3 Kg4 71.h5 Kxh5 72.Kd2 Kg4 73.
Ke1 Kg3 74.Kf1 Kh2 75.Kf2 h5 76.Kf1 h4 77.Kf2 h3 78.Kf1 Kg3 1/2-1/2

[Event "Weekend Accademia A Autunno"]
[Site "Roma ITA"]
[Date "2006.10.21"]
[Round "3"]
[White "Tosi, Francesco"]
[Black "Elia, Alessio"]
[Result "0-1"]
[WhiteElo "2004"]
[BlackElo "1671"]
[PlyCount "114"]
[EventDate "2006.10.20"]

1.Nf3 d6 2.d4 g6 3.c4 Bg7 4.Nc3 Nc6 5.e3 e5 6.d5 Nce7 7.Be2 f5 8.b4 a5 9.
b5 Nf6 10.Bb2 O-O 11.Qc2 Bd7 12.Rd1 h6 13.h4 Be8 14.Ba3 Nd7 15.Na4 b6 16.
Rh3 Nf6 17.Nd2 Bd7 18.f4 exf4 19.exf4 Re8 20.Bb2 Nexd5 21.cxd5 Bxb5 22.Nc4
Rxe2+ 23.Qxe2 Bxa4 24.Qe6+ Kh7 25.Rd2 Bd7 26.Bxf6 Bxf6 27.Qf7+ Bg7 28.Re3 
Qxh4+ 29.Rf2 Bb5 30.Qxc7 Qf6 31.Rfe2 Qd4 32.Re7 Rg8 33.Rc2 Qg1+ 34.Kd2 
Qxg2+ 35.Re2 Qxd5+ 36.Ke1 Qd4 37.Qxd6 Qxd6 38.Nxd6 Bxe2 39.Kxe2 Rd8 40.Rc6
Rb8 41.a4 h5 42.Nf7 Re8+ 43.Kf3 Re7 44.Ng5+ Kh6 45.Ne6 Rb7 46.Nc7 h4 47.
Kg2 Bd4 48.Kh3 Bf2 49.Nb5 Re7 50.Nd6 Kh5 51.Rc8 Re3+ 52.Kg2 Bg3 53.Nc4 
Re2+ 54.Kf3 Rf2+ 55.Ke3 Rxf4 56.Rh8+ Kg4 57.Nxb6 Bf2+ 0-1

[Event "Weekend Accademia A Autunno"]
[Site "Roma ITA"]
[Date "2006.10.22"]
[Round "4"]
[White "Campomori, Bruno"]
[Black "Verrascina, Nicola"]
[Result "1/2-1/2"]
[WhiteElo "2051"]
[BlackElo "1993"]
[PlyCount "50"]
[EventDate "2006.10.20"]

1.e4 Nc6 2.Nf3 d6 3.h3 Nf6 4.Nc3 e6 5.d4 Be7 6.Be2 O-O 7.O-O d5 8.e5 Nd7 
9.Bf4 f6 10.Qd2 Bb4 11.Qe3 fxe5 12.Bxe5 Ncxe5 13.Nxe5 Nxe5 14.dxe5 Qe7 15.
Nb5 Bc5 16.Qg3 Bb6 17.Rad1 Bd7 18.Nd4 c5 19.Nf3 Qf7 20.c4 d4 21.Ng5 Qf4 
22.Bd3 h6 23.Ne4 Qxg3 24.fxg3 Bc6 25.Rf4 Bxe4 1/2-1/2

[Event "Weekend Accademia A Autunno"]
[Site "Roma ITA"]
[Date "2006.10.22"]
[Round "4"]
[White "Castelfranchi, Carlo"]
[Black "Wollenweber, Carsten"]
[Result "1-0"]
[WhiteElo "2061"]
[BlackElo "2156"]
[PlyCount "45"]
[EventDate "2006.10.20"]

1.e4 d5 2.exd5 Nf6 3.Nc3 Nxd5 4.Bc4 Nb6 5.Bb3 c5 6.Qh5 e6 7.d3 Nc6 8.Nf3 
Be7 9.Ng5 g6 10.Qh6 Bf8 11.Qh3 h6 12.O-O Nd4 13.Nge4 Be7 14.Qe3 Bd7 15.Ne2
Bc6 16.Nxd4 cxd4 17.Qg3 g5 18.Qe5 f6 19.Qxe6 Rf8 20.Re1 Bxe4 21.Qxe4 Qc7 
22.Bd2 f5 23.Qxd4 1-0

[Event "Weekend Accademia A Autunno"]
[Site "Roma ITA"]
[Date "2006.10.22"]
[Round "4"]
[White "De Blasio, Alessandro"]
[Black "Sabetta, Alessandro"]
[Result "1/2-1/2"]
[WhiteElo "2067"]
[BlackElo "2019"]
[PlyCount "29"]
[EventDate "2006.10.20"]

1.e4 e5 2.d4 exd4 3.Qxd4 Nc6 4.Qe3 g6 5.Nc3 Bg7 6.Bd2 Nf6 7.O-O-O O-O 8.h4
Re8 9.Qf4 d5 10.exd5 Nxd5 11.Nxd5 Qxd5 12.Bc4 Qf5 13.Nh3 Qxf4 14.Bxf4 Be5 
15.Bxe5 1/2-1/2

[Event "Weekend Accademia A Autunno"]
[Site "Roma ITA"]
[Date "2006.10.22"]
[Round "4"]
[White "De Maria, Isaia"]
[Black "Raccah, Ascer"]
[Result "1-0"]
[WhiteElo "1828"]
[BlackElo "1899"]
[PlyCount "51"]
[EventDate "2006.10.20"]

1.e4 e5 2.Nf3 Nf6 3.Nc3 Bb4 4.Nxe5 d6 5.Nf3 Bxc3 6.dxc3 Nxe4 7.Bd3 O-O 8.
O-O Nc5 9.Bxh7+ Kxh7 10.Ng5+ Kg6 11.h4 Rh8 12.b4 Ne6 13.Qd3+ f5 14.Qg3 
Nxg5 15.Bxg5 Qg8 16.Rae1 Be6 17.Bd8+ Kf7 18.Bxc7 Qh7 19.Rxe6 Kxe6 20.Qxd6+
Kf7 21.Re1 Qh6 22.Qd5+ Kf8 23.Bd6+ Qxd6 24.Qxd6+ Kg8 25.Qe6+ Kh7 26.Qxf5+ 
1-0

[Event "Weekend Accademia A Autunno"]
[Site "Roma ITA"]
[Date "2006.10.22"]
[Round "4"]
[White "Elia, Alessio"]
[Black "Gargiulo, Mariano"]
[Result "0-1"]
[WhiteElo "1671"]
[BlackElo "1887"]
[PlyCount "118"]
[EventDate "2006.10.20"]

1.d4 d6 2.Nf3 Nd7 3.Bg5 Ngf6 4.Nbd2 e5 5.e3 Be7 6.Bd3 b6 7.c3 Bb7 8.e4 O-O
9.dxe5 dxe5 10.Qc2 c5 11.O-O Qc7 12.Rad1 a6 13.a4 Bc6 14.Nc4 b5 15.axb5 
axb5 16.Ncd2 c4 17.Be2 Nc5 18.Bxf6 Bxf6 19.Nxc4 bxc4 20.Bxc4 Nxe4 21.Bd3 
Ng5 22.Nxg5 Bxg5 23.Bxh7+ Kh8 24.Be4 Bxe4 25.Qxe4 Ra2 26.Qf5 Bh6 27.Rd7 
Qc4 28.Qxe5 Qe6 29.Qxe6 fxe6 30.Rb1 Rb8 31.b4 Bd2 32.Rc7 Rc2 33.g3 Rxc3 
34.Rxc3 Bxc3 35.b5 Bd4 36.Kg2 Kg8 37.f4 Kf7 38.Kf3 Ke7 39.Ke4 Bf2 40.f5 
Rb6 41.g4 Rd6 42.h3 Bb6 43.fxe6 Rxe6+ 44.Kf4 Be3+ 45.Kf3 Bb6 46.Kf4 Rf6+ 
47.Ke4 g5 48.Kd5 Kd7 49.Rb3 Rd6+ 50.Ke5 Bd8 51.Kf5 Kc7 52.Rc3+ Kb6 53.Ke5 
Bf6+ 54.Kxd6 Bxc3 55.Kd5 Kxb5 56.Ke4 Be1 57.Kf5 Bh4 58.Ke4 Kc4 59.Ke3 Kc3 
0-1

[Event "Weekend Accademia A Autunno"]
[Site "Roma ITA"]
[Date "2006.10.22"]
[Round "4"]
[White "Nicolai, Antonio"]
[Black "Maddaloni, Giovanni"]
[Result "0-1"]
[WhiteElo "1748"]
[BlackElo "1843"]
[PlyCount "112"]
[EventDate "2006.10.20"]

1.d4 Nf6 2.b4 c6 3.Bb2 d5 4.a3 e6 5.e3 a5 6.c3 axb4 7.cxb4 Bd6 8.Nf3 Nbd7 
9.Bd3 O-O 10.O-O Re8 11.Nbd2 e5 12.dxe5 Nxe5 13.Bxe5 Bxe5 14.Nxe5 Rxe5 15.
Qc2 Bg4 16.Rfe1 Bh5 17.f4 Re7 18.Nf1 Ne4 19.Bxe4 Rxe4 20.Ng3 Rc4 21.Qd2 
Qh4 22.Nxh5 Qxh5 23.Ra2 Re8 24.Rc2 Rce4 25.Qf2 d4 26.Rc5 dxe3 27.Qg3 Qg6 
28.Re5 R8xe5 29.fxe5 Qxg3 30.hxg3 Rxe5 31.Kf1 f5 32.Ke2 Kf7 33.Kf3 Ke6 34.
Rxe3 g5 35.Rd3 Rd5 36.Re3+ Kf6 37.Rc3 h5 38.Re3 g4+ 39.Kf2 Rd4 40.Ke1 f4 
41.gxf4 Rxf4 42.Re8 Rd4 43.Rb8 Rd7 44.Ke2 h4 45.Kf2 Rg7 46.Rh8 g3+ 47.Kf3 
Kg5 48.Rf8 Rg6 49.Rf7 b5 50.Rf4 Kh5 51.Rf5+ Kh6 52.Rf8 Kg7 53.Rf4 h3 54.
Rh4 h2 55.Rh3 Rh6 56.Kxg3 Rxh3+ 0-1

[Event "Weekend Accademia A Autunno"]
[Site "Roma ITA"]
[Date "2006.10.22"]
[Round "4"]
[White "Sautto, Alessandra"]
[Black "La Fortezza, Michele"]
[Result "0-1"]
[WhiteElo "1942"]
[BlackElo "1843"]
[PlyCount "86"]
[EventDate "2006.10.20"]

1.d4 Nf6 2.Nf3 d5 3.e3 Bg4 4.c4 c6 5.Be2 e6 6.Nbd2 Nbd7 7.b3 Bb4 8.Bd3 Ne4
9.Qc2 Bxf3 10.gxf3 Ng5 11.f4 Nh3 12.a3 Qh4 13.Rf1 Bxd2+ 14.Bxd2 O-O 15.Be2
Nf6 16.O-O-O dxc4 17.Qxc4 Nd5 18.f3 Rfc8 19.Kb2 b6 20.Qd3 Nf2 21.Rxf2 Qxf2
22.e4 Nf6 23.Be3 Qxh2 24.Rf1 c5 25.Rf2 Qh5 26.f5 exf5 27.e5 f4 28.Bd2 Nd5 
29.Qe4 Rd8 30.Bb5 Ne3 31.Be2 cxd4 32.Qxf4 Rac8 33.Bxe3 dxe3 34.Qxe3 Qf5 
35.Bc4 Rd1 36.Rc2 b5 37.Qe2 Rdd8 38.Bd3 Rxc2+ 39.Bxc2 Qf4 40.Qxb5 Qxf3 41.
Qc5 Qb7 42.Qc4 Qd5 43.Qe2 Re8 0-1

[Event "Weekend Accademia A Autunno"]
[Site "Roma ITA"]
[Date "2006.10.22"]
[Round "4"]
[White "Spano' Cuomo, Gaetano"]
[Black "Maggi, Luigi"]
[Result "0-1"]
[WhiteElo "1826"]
[BlackElo "1807"]
[PlyCount "86"]
[EventDate "2006.10.20"]

1.d4 d5 2.Nf3 c5 3.e3 Nc6 4.c3 Nf6 5.Bd3 Bg4 6.Nbd2 e5 7.dxe5 Nxe5 8.Be2 
Nc6 9.O-O Be7 10.b3 O-O 11.Bb2 Qc7 12.Qc2 Rfe8 13.Rad1 h6 14.Rfe1 Rad8 15.
e4 Ne5 16.Nxe5 Bxe2 17.Rxe2 Qxe5 18.Nf3 Qc7 19.exd5 Nxd5 20.Bc1 Nf6 21.
Rde1 Bd6 22.Rxe8+ Rxe8 23.Rxe8+ Nxe8 24.c4 Qe7 25.h3 Nf6 26.Kf1 Qe4 27.
Qxe4 Nxe4 28.Nd2 Nxd2+ 29.Bxd2 f5 30.Ke2 Kf7 31.Kd3 Ke6 32.a3 a6 33.b4 g5 
34.g4 fxg4 35.hxg4 b6 36.Ke4 cxb4 37.axb4 Be5 38.b5 a5 39.Be3 a4 40.Bc1 
Bd6 41.Bb2 a3 42.Ba1 a2 43.Bb2 Be7 0-1

[Event "Weekend Accademia A Autunno"]
[Site "Roma ITA"]
[Date "2006.10.22"]
[Round "4"]
[White "Tosi, Francesco"]
[Black "Maggi, Fabrizio"]
[Result "0-1"]
[WhiteElo "2004"]
[BlackElo "1843"]
[PlyCount "130"]
[EventDate "2006.10.20"]

1.Nf3 d5 2.d4 c5 3.e3 Nc6 4.Nbd2 Nf6 5.b3 Bg4 6.Bb2 e6 7.Be2 Bd6 8.h3 Bh5 
9.O-O O-O 10.c4 b6 11.Rc1 Rc8 12.Ne5 Bxe2 13.Qxe2 cxd4 14.exd4 dxc4 15.
Ndxc4 Bb8 16.Nxc6 Rxc6 17.Ne5 Rxc1 18.Rxc1 Nd5 19.Qf3 f6 20.Nc4 Qd7 21.g3 
Rc8 22.Re1 b5 23.Ne3 Nb4 24.Rd1 Rf8 25.a3 Nd5 26.Ng4 Rc8 27.Qd3 a6 28.Re1 
Ba7 29.Kh2 Rc6 30.Re2 Ne7 31.Ne3 Rd6 32.Qe4 Bxd4 33.Bxd4 Rxd4 34.Qa8+ Qc8 
35.Qa7 Rd7 36.Qb6 Qc6 37.Qb8+ Kf7 38.Rc2 Qe4 39.Qb6 Nd5 40.Qc6 Rc7 41.
Qxc7+ Nxc7 42.Rxc7+ Kg6 43.h4 h5 44.Ng2 e5 45.Ne3 a5 46.Rc5 Qd3 47.a4 Qxb3
48.Rxb5 Qxa4 49.Rb6 Qd4 50.Ra6 a4 51.Kg2 Qb4 52.Ra7 a3 53.g4 Qe4+ 54.Kg3 
hxg4 55.h5+ Kh7 56.Rxa3 Qf4+ 57.Kg2 Qf3+ 58.Kg1 f5 59.Nc4 Qd1+ 60.Kh2 Qd4 
61.Ne3 Qf4+ 62.Kg2 Qf3+ 63.Kg1 f4 64.Nc4 Qd1+ 65.Kh2 Qd4 0-1

[Event "Weekend Accademia A Autunno"]
[Site "Roma ITA"]
[Date "2006.10.22"]
[Round "4"]
[White "Urzi', Silvio"]
[Black "Marzio, Mario"]
[Result "1-0"]
[WhiteElo "1876"]
[BlackElo "1445"]
[PlyCount "89"]
[EventDate "2006.10.20"]

1.c4 e6 2.e4 g6 3.d4 d6 4.Nc3 Bg7 5.Nge2 b6 6.Ng3 Bb7 7.Be2 Nc6 8.d5 Bxc3+
9.bxc3 Ne5 10.Qa4+ Qd7 11.Qd1 Ba6 12.Qb3 Nf6 13.h3 Qe7 14.Qa4+ Nfd7 15.
Qxa6 O-O 16.f4 Nc5 17.Qa3 Ned3+ 18.Bxd3 Qh4 19.O-O Nxd3 20.Kh2 Rac8 21.Be3
Rce8 22.Rad1 Nc5 23.Qc1 Nd7 24.Bf2 Nf6 25.Kg1 Nd7 26.Nf5 Qd8 27.Bh4 f6 28.
Nh6+ Kg7 29.dxe6 Nc5 30.Ng4 Nxe6 31.e5 Nxf4 32.Qxf4 g5 33.exf6+ Kh8 34.Qd4
Rf7 35.Nh6 Qd7 36.Nxf7+ Qxf7 37.Bxg5 Rg8 38.Qd5 Qxd5 39.cxd5 Rf8 40.Bh6 
Rf7 41.Bg7+ Kg8 42.Rde1 Rxg7 43.Re8+ Kf7 44.Re7+ Kg6 45.fxg7 1-0

[Event "Weekend Accademia A Autunno"]
[Site "Roma ITA"]
[Date "2006.10.22"]
[Round "4"]
[White "Vannelli, Vittorio"]
[Black "Vanzan, Alessandro"]
[Result "1-0"]
[WhiteElo "1927"]
[BlackElo "1816"]
[PlyCount "165"]
[EventDate "2006.10.20"]

1.e4 c5 2.Nf3 d6 3.d4 cxd4 4.Nxd4 Nf6 5.Nc3 g6 6.Be2 Bg7 7.Be3 Nc6 8.O-O 
O-O 9.f4 a6 10.Kh1 Qc7 11.Qd2 b5 12.Nxc6 Qxc6 13.e5 b4 14.exf6 bxc3 15.
fxg7 cxd2 16.gxf8=Q+ Kxf8 17.Bf3 d5 18.Rad1 Qc4 19.b3 Qxc2 20.Rxd2 Qc3 21.
Re2 Be6 22.Rc1 Qd3 23.Ree1 Rd8 24.Bc5 Qf5 25.g3 Qd3 26.Bg2 Qd2 27.a4 Rc8 
28.b4 a5 29.Rcd1 Qc3 30.Rc1 Qa3 31.Bxe7+ Kg7 32.Rxc8 Bxc8 33.bxa5 Qc3 34.
Rd1 Qxa5 35.h4 Qxa4 36.Rxd5 Bb7 37.Rd2 Bxg2+ 38.Rxg2 Qe4 39.Bd6 Qd5 40.
Be5+ f6 41.Bb2 Qf3 42.Kh2 Kf7 43.Bd4 g5 44.fxg5 f5 45.Rf2 Qg4 46.Bb6 Ke6 
47.Bd8 Qd4 48.Re2+ Kf7 49.Bf6 Qd3 50.Re7+ Kg6 51.h5+ Kxh5 52.Rxh7+ Kg4 53.
Rh4+ Kf3 54.Rf4+ Ke2 55.g6 Qd7 56.g7 Qe6 57.Bd4 Qg8 58.Rh4 Qa2 59.Rf4 Kd3+
60.Rf2 Qg8 61.Bb2 Qh7+ 62.Kg1 Qg6 63.Be5 Qg4 64.Rxf5 Qd1+ 65.Rf1 Qg4 66.
Rf8 Qd1+ 67.Kg2 Qd2+ 68.Rf2 Qg5 69.Rf3+ Ke2 70.Rf4 Qg6 71.g4 Qc6+ 72.Kg3 
Qg6 73.Rf5 Qe6 74.Kf4 Qh6+ 75.Rg5 Qh2+ 76.Kf5 Qf2+ 77.Kg6 Qb6+ 78.Kh7 Qb1+
79.Rg6 Qh1+ 80.Kg8 Qa8+ 81.Kf7 Qf3+ 82.Rf6 Qxf6+ 83.Bxf6 1-0

[Event "Weekend Accademia A Autunno"]
[Site "Roma ITA"]
[Date "2006.10.22"]
[Round "4"]
[White "Vignato, Giovanni"]
[Black "Stirpe, Claudio"]
[Result "1-0"]
[WhiteElo "2071"]
[BlackElo "1909"]
[PlyCount "31"]
[EventDate "2006.10.20"]

1.e4 e5 2.Nf3 Nc6 3.Bb5 a6 4.Ba4 Nf6 5.O-O Be7 6.Qe2 b5 7.Bb3 d6 8.c3 O-O 
9.d4 Bg4 10.Rd1 Re8 11.a4 Rc8 12.axb5 axb5 13.d5 Bxf3 14.Qxf3 b4 15.dxc6 
bxc3 16.Qxc3 1-0

[Event "Weekend Accademia A Autunno"]
[Site "Roma ITA"]
[Date "2006.10.22"]
[Round "5"]
[White "Gargiulo, Mariano"]
[Black "Campomori, Bruno"]
[Result "0-1"]
[WhiteElo "1887"]
[BlackElo "2051"]
[PlyCount "120"]
[EventDate "2006.10.20"]

1.e4 c5 2.Nf3 Nc6 3.c3 d5 4.exd5 Qxd5 5.Be2 Bg4 6.h3 Bh5 7.O-O e6 8.Na3 
Nf6 9.Nc2 Qd7 10.d4 Rd8 11.Be3 Qc7 12.Qc1 b6 13.Nce1 Bd6 14.Bg5 h6 15.Be3 
Nd5 16.Bb5 Kf8 17.Bd3 f5 18.c4 Nf6 19.a3 cxd4 20.Bd2 Nd7 21.b4 Nde5 22.
Nxe5 Nxe5 23.c5 bxc5 24.bxc5 Qxc5 25.Qxc5 Bxc5 26.Bb4 Bxb4 27.axb4 Rd7 28.
f3 Ke7 29.Ra5 Nc6 30.Rb5 Rb8 31.g4 Bf7 32.Rxb8 Nxb8 33.gxf5 exf5 34.Bxf5 
Rb7 35.Nd3 Kd6 36.Be4 Bd5 37.Ra1 Nc6 38.Ra6 Rb6 39.Ra1 a6 40.Kf2 Bc4 41.h4
Bxd3 42.Bxd3 Nxb4 43.Ke2 Kc7 44.Rc1+ Rc6 45.Rg1 Re6+ 46.Kd2 Re7 47.Rc1+ 
Kb6 48.Rb1 a5 49.Be4 Kc5 50.Ra1 Ra7 51.Rc1+ Kd6 52.Rg1 a4 53.Kc1 a3 54.Kb1
d3 55.Bxd3 a2+ 56.Ka1 Nxd3 57.Rd1 Ra3 58.f4 Ke6 59.Rg1 Nc5 60.Re1+ Kf6 0-1

[Event "Weekend Accademia A Autunno"]
[Site "Roma ITA"]
[Date "2006.10.22"]
[Round "5"]
[White "Maggi, Fabrizio"]
[Black "Elia, Alessio"]
[Result "1-0"]
[WhiteElo "1843"]
[BlackElo "1671"]
[PlyCount "81"]
[EventDate "2006.10.20"]

1.c4 d6 2.Nc3 g6 3.d4 Bg7 4.e4 Nc6 5.d5 Ne5 6.Be2 Nf6 7.f4 Ned7 8.Nf3 O-O 
9.O-O c6 10.Bd2 Qb6+ 11.Kh1 Qxb2 12.Rb1 Qa3 13.Rb3 Qa5 14.Nb5 Qd8 15.Nc3 
Nc5 16.e5 dxe5 17.fxe5 Ng4 18.Bf4 Nxb3 19.axb3 Qa5 20.Qd2 Qb6 21.Na4 Qxb3 
22.Nc5 Qb6 23.Ne4 Qd8 24.h3 cxd5 25.cxd5 Qd7 26.Nc5 Qc7 27.Nd3 Qc4 28.Nb4 
Qc5 29.hxg4 Bxg4 30.Rc1 Qb6 31.d6 exd6 32.exd6 Rfd8 33.Nd5 Qb2 34.Rc2 Qa1+
35.Rc1 Qa3 36.Rc7 Qb3 37.Ne7+ Kf8 38.Ng5 Bf6 39.Bxg4 Kg7 40.Nd5 Bxg5 41.
Bxg5 1-0

[Event "Weekend Accademia A Autunno"]
[Site "Roma ITA"]
[Date "2006.10.22"]
[Round "5"]
[White "Maggi, Luigi"]
[Black "Urzi', Silvio"]
[Result "1-0"]
[WhiteElo "1807"]
[BlackElo "1876"]
[PlyCount "39"]
[EventDate "2006.10.20"]

1.c4 c5 2.Nf3 Nc6 3.d4 e6 4.Nc3 cxd4 5.Nxd4 Bc5 6.Nb3 Bb6 7.c5 Bc7 8.Nb5 
f5 9.Bd2 Nf6 10.Nd6+ Bxd6 11.cxd6 O-O 12.g3 Ne4 13.Bc3 b5 14.a3 Qb6 15.e3 
f4 16.Qc2 Nxd6 17.gxf4 Nf5 18.Rg1 Nxe3 19.Rxg7+ Kh8 20.Qxh7# 1-0

[Event "Weekend Accademia A Autunno"]
[Site "Roma ITA"]
[Date "2006.10.22"]
[Round "5"]
[White "Marzio, Mario"]
[Black "Maddaloni, Giovanni"]
[Result "1/2-1/2"]
[WhiteElo "1445"]
[BlackElo "1843"]
[PlyCount "80"]
[EventDate "2006.10.20"]

1.e4 Nc6 2.d4 e5 3.dxe5 Nxe5 4.Nf3 Nc6 5.Bb5 Bc5 6.O-O Nge7 7.Nc3 O-O 8.
Re1 d6 9.Bd3 h6 10.Na4 Bb6 11.Nxb6 axb6 12.e5 Nxe5 13.Nxe5 dxe5 14.Rxe5 
Nc6 15.Re3 Qd6 16.Qe2 Bd7 17.b3 Rfe8 18.Bb2 Rxe3 19.Qxe3 Re8 20.Qd2 Qe7 
21.Qc3 Qe5 22.Bh7+ Kh8 23.Bd3 Qxc3 24.Bxc3 Ne5 25.Re1 Nxd3 26.Rxe8+ Bxe8 
27.cxd3 b5 28.Kf1 Kh7 29.Ke2 Kg6 30.Ke3 f5 31.Kd4 Bc6 32.g3 Kf6 33.Kc5+ 
Ke6 34.h4 f4 35.h5 fxg3 36.fxg3 Kf5 37.Bxg7 Kg5 38.Be5 Kxh5 39.Bxc7 Kg5 
40.d4 Kf6 1/2-1/2

[Event "Weekend Accademia A Autunno"]
[Site "Roma ITA"]
[Date "2006.10.22"]
[Round "5"]
[White "Nicolai, Antonio"]
[Black "Tosi, Francesco"]
[Result "0-1"]
[WhiteElo "1748"]
[BlackElo "2004"]
[PlyCount "106"]
[EventDate "2006.10.20"]

1.d4 Nf6 2.c4 d6 3.e3 g6 4.Nf3 Bg7 5.Be2 O-O 6.O-O a5 7.b3 Nbd7 8.Bb2 c6 
9.Nbd2 Qb6 10.Qc2 Re8 11.Ne4 d5 12.c5 Qc7 13.Ng3 Ng4 14.Ne1 Ndf6 15.Bf3 e5
16.dxe5 Nxe5 17.Bxe5 Qxe5 18.Nd3 Qg5 19.Rac1 h5 20.Nf4 h4 21.Nge2 Bf5 22.
Qd1 Be4 23.Nc3 Red8 24.Na4 Nd7 25.Nh3 Qe7 26.Bxe4 dxe4 27.Qc2 f5 28.Nf4 
Kh7 29.Qc4 Ne5 30.Qe6 Qxe6 31.Nxe6 Rd3 32.Nxg7 Kxg7 33.Rc2 Rad8 34.h3 g5 
35.Nb2 Rd2 36.Rfc1 g4 37.Nc4 Rxc2 38.Rxc2 Rd1+ 39.Kh2 Nxc4 40.Rxc4 Rd2 41.
hxg4 Kf6 42.gxf5 Kxf5 43.Rd4 Rxf2 44.Kh3 Re2 45.Rd7 Rxe3+ 46.Kxh4 Kf4 47.
Rd8 Rc3 48.g3+ Kf3 49.b4 e3 50.Kh3 e2 51.Rf8+ Ke3 52.Re8+ Kd2 53.Rxe2+ 
Kxe2 0-1

[Event "Weekend Accademia A Autunno"]
[Site "Roma ITA"]
[Date "2006.10.22"]
[Round "5"]
[White "Sabetta, Alessandro"]
[Black "Vannelli, Vittorio"]
[Result "1/2-1/2"]
[WhiteElo "2019"]
[BlackElo "1927"]
[PlyCount "105"]
[EventDate "2006.10.20"]

1.e4 c5 2.Nf3 Nc6 3.Bb5 e6 4.O-O Nd4 5.Nxd4 cxd4 6.c3 a6 7.Ba4 b5 8.Bb3 
Bb7 9.d3 d5 10.cxd4 dxe4 11.dxe4 Bxe4 12.Nc3 Bd5 13.Nxd5 exd5 14.Re1+ Be7 
15.Bg5 Ra7 16.a4 bxa4 17.Bxa4+ Kf8 18.Qe2 Nf6 19.Bxf6 gxf6 20.Qh5 Rg8 21.
Qxh7 Qc8 22.Qh6+ Rg7 23.Qh8+ Rg8 24.Qh6+ Rg7 25.Re3 Kg8 26.Rae1 Rg6 27.Qh4
Kg7 28.Rc3 Qf5 29.Rh3 Kf8 30.Qh8+ Rg8 31.Qh6+ Rg7 32.Qh8+ Rg8 33.Qh6+ Rg7 
34.Rg3 Qh7 35.Qf4 Rb7 36.Rge3 Rg5 37.Qf3 Bd6 38.Qh3 Qxh3 39.Rxh3 Rxb2 40.
g3 Rg4 41.Re8+ Kg7 42.Rhh8 f5 43.Reg8+ Kf6 44.h4 Rxg8 45.Rxg8 f4 46.h5 
fxg3 47.fxg3 Rb8 48.Be8 Bb4 49.Bxf7 Rxg8 50.Bxg8 Bc3 51.Bxd5 Bxd4+ 52.Kg2 
Kg5 53.Bf7 1/2-1/2

[Event "Weekend Accademia A Autunno"]
[Site "Roma ITA"]
[Date "2006.10.22"]
[Round "5"]
[White "Stirpe, Claudio"]
[Black "La Fortezza, Michele"]
[Result "1-0"]
[WhiteElo "1909"]
[BlackElo "1843"]
[PlyCount "65"]
[EventDate "2006.10.20"]

1.d4 d5 2.c4 c6 3.Nf3 Nf6 4.Nc3 e6 5.e3 Be7 6.Qc2 Nbd7 7.b3 Nf8 8.Bd3 Ng6 
9.O-O Bd6 10.Bb2 e5 11.Bxg6 e4 12.Bxe4 Bg4 13.cxd5 O-O 14.Ne5 Bxe5 15.dxe5
Nxd5 16.Nxd5 cxd5 17.Bxh7+ Kh8 18.Bf5 Qg5 19.Bxg4 Qxg4 20.Qd1 Qe6 21.Qh5+ 
Kg8 22.f4 f5 23.exf6 gxf6 24.Qg6+ Kh8 25.Rf3 d4 26.Bxd4 Rf7 27.Bxf6+ Rxf6 
28.Rh3+ Qxh3 29.Qxf6+ Kh7 30.gxh3 Rg8+ 31.Kf2 b5 32.Qh4+ Kg7 33.Rg1+ 1-0

[Event "Weekend Accademia A Autunno"]
[Site "Roma ITA"]
[Date "2006.10.22"]
[Round "5"]
[White "Vanzan, Alessandro"]
[Black "Spano' Cuomo, Gaetano"]
[Result "1-0"]
[WhiteElo "1816"]
[BlackElo "1826"]
[PlyCount "87"]
[EventDate "2006.10.20"]

1.c4 f5 2.e3 e5 3.d3 Nf6 4.g3 Be7 5.Bg2 c6 6.Ne2 O-O 7.O-O Na6 8.a3 Nc7 9.
Nbc3 d6 10.Rb1 Be6 11.b4 Rb8 12.b5 d5 13.bxc6 bxc6 14.Rxb8 Qxb8 15.Qa4 a6 
16.Bd2 Qa7 17.Rc1 d4 18.exd4 exd4 19.Na2 c5 20.Bc6 Rb8 21.Qc2 Qb6 22.Bf3 
Qb3 23.Bf4 Nfe8 24.Bc6 Qxc2 25.Rxc2 Rb6 26.Bf3 Nd6 27.Nac1 g5 28.Bd2 Nce8 
29.h3 Nf7 30.Kh2 Ne5 31.Bg2 Ng7 32.Ba5 Rb1 33.Bc7 Ng6 34.Ng1 Bc8 35.Bd5+ 
Kf8 36.Nf3 Bb7 37.a4 Ne6 38.Ba5 Nd8 39.Bd2 Nc6 40.Nxg5 Bxg5 41.Bxg5 Nb4 
42.Bh6+ Ke7 43.Re2+ Kd6 44.Bxb7 1-0

[Event "Weekend Accademia A Autunno"]
[Site "Roma ITA"]
[Date "2006.10.22"]
[Round "5"]
[White "Wollenweber, Carsten"]
[Black "De Maria, Isaia"]
[Result "1-0"]
[WhiteElo "2156"]
[BlackElo "1828"]
[PlyCount "72"]
[EventDate "2006.10.20"]

1.e4 e6 2.d4 d5 3.Nc3 Nf6 4.Bg5 dxe4 5.Nxe4 Be7 6.Bxf6 Bxf6 7.Nf3 Nd7 8.
Bd3 e5 9.Qe2 Qe7 10.O-O-O exd4 11.Nxf6+ Nxf6 12.Rhe1 Qxe2 13.Rxe2+ Kf8 14.
Nxd4 Bd7 15.Bb5 c6 16.Bc4 Re8 17.Rxe8+ Kxe8 18.Nf3 Be6 19.Re1 Nd5 20.Ng5 
Ke7 21.g3 h6 22.Ne4 Re8 23.f4 Kd8 24.Nd6 Re7 25.Bxd5 cxd5 26.f5 Kd7 27.f6 
gxf6 28.Nxb7 Re8 29.Re3 Kc6 30.Na5+ Kb6 31.Nb3 Rd8 32.Nd4 Rd6 33.Rb3+ Kc5 
34.c3 Rb6 35.Ra3 Rb7 36.Ra6 Rc7 1-0

[Event "I Weekend FirenzeScacchi A"]
[Site "Firenze ITA"]
[Date "2006.10.29"]
[Round "6"]
[White "Tocchioni, Maurizio"]
[Black "Principia, Marco"]
[Result "1/2-1/2"]
[WhiteElo "1891"]
[BlackElo "1506"]
[PlyCount "73"]
[EventDate "2006.10.21"]

1. d4 Nf6 2. Nf3 d5 3. Bg5 e6 4. Nbd2 Be7 5. g3 Nbd7 6. Bg2 c5 7. c4 O-O 8. O-O
h6 9. Bxf6 Nxf6 10. Rc1 Qb6 11. Nb3 dxc4 12. Rxc4 cxd4 13. Qxd4 Qd8 14. Rd1 Nd5
15. Rd2 Bf6 16. Qe4 Qb6 17. Ne5 Rd8 18. Rc1 Bg5 19. Nc4 Qb4 20. e3 Bd7 21. h4
Bf6 22. Qb1 Rac8 23. Na3 Rxc1+ 24. Qxc1 Bc6 25. Nc2 Qb6 26. Ncd4 Bxd4 27. Nxd4
Ne7 28. Nxc6 Nxc6 29. Rxd8+ Nxd8 30. Qc8 Kf8 31. b3 Ke7 32. Qc3 f6 33. Qd3 Nc6
34. Qh7 Kf7 35. Bf3 Qc5 36. Bxc6 Qxc6 37. Qd3 1/2-1/2